| LEADER |
01128nam0a2200205 450 |
| 001 |
16848518 |
| 010 |
|
|
|a 979-10-324-0143-9
|b br.
|d 11,95
|
| 100 |
|
|
|a 20171019d2026 u u0frey01 ba
|
| 101 |
1 |
|
|a fre
|c eng
|
| 102 |
|
|
|a FR
|
| 200 |
0 |
|
|a chaton qui s'est perdu dans le Nether (Un)
|f Cube Kid
|g traduit de l'anglais par Agathe Franck - illustrations de Vladimir 'ZloyXP' Subbotin
|
| 207 |
|
1 |
|a
|
| 210 |
|
|
|a Paris
|c 404 éditions
|d DL 2017
|
| 215 |
|
|
|a 1 vol. (283 p.)
|c ill. en coul.
|d 21 cm
|
| 330 |
|
|
|a Un chaton dans Minecraft est sur le point de vivre des aventures incroyables ! Billy n'est pas un chaton très obéissant... Sa maman lui avait pourtant dit de ne pas aller jouer dans la forêt. Mais Billy n'a pas voulu écouter. Alors qu'il joue tranquillement, il se retrouve propulsé dans le Nether ! Comment va-t-il se sortir de là ? Va-t-il retrouver sa maison ?
|
| 700 |
|
0 |
|a Cube Kid
|c Auteur du texte
|f 1982?-....
|4 70
|
| 702 |
|
0 |
|a Franck
|b Agathe
|4 730
|
| 702 |
|
0 |
|a Subbotin
|b Vladimir
|4 440
|
| 901 |
|
|
|a Accessible au prêt
|
| 995 |
|
|
|a Bibliothèque
|c Bibliothèque
|f 024025436
|h 024025436
|k E C2 CUB
|o p
|q j
|r az
|e Bibliothèque
|